A primer of real functions /
Guardado en:
| Autor Principal: | |
|---|---|
| Otros Autores: | |
| Formato: | Libro |
| Idioma: | English |
| Publicado: |
[Washington, D.C.] :
Mathematical Association of America,
c1996.
|
| Edición: | 4th ed. / |
| Series: | The Carus mathematical monographs ;
no. 13 |
| Materias: | |
| Acceso en línea: | Publisher description Table of contents |
| Etiquetas: |
Agregar Etiqueta
Sin Etiquetas, Sea el primero en etiquetar este registro!
|
| LEADER | 01005cam a2200265 a 4500 | ||
|---|---|---|---|
| 001 | MAT.inmabb003777 | ||
| 008 | 960725s1996####dcua#####b####001#0#eng#d | ||
| 005 | 20130221101915.0 | ||
| 245 | 1 | 2 | |a A primer of real functions / |c Ralph P. Boas. |
| 250 | |a 4th ed. / |b revised and updated by Harold P. Boas. | ||
| 260 | |a [Washington, D.C.] : |b Mathematical Association of America, |c c1996. | ||
| 300 | |a xiv, 305 p. : |b il. ; |c 20 cm. | ||
| 440 | 4 | |a The Carus mathematical monographs ; |v no. 13 | |
| 504 | |a Incluye referencias bibliográficas e índice. | ||
| 510 | 4 | |a MR, |c 97f:26001 | |
| 020 | |a 088385029X | ||
| 100 | 1 | |a Boas, Ralph Philip. | |
| 700 | 1 | |a Boas, Harold P. | |
| 650 | 0 | |a Functions of real variables. | |
| 084 | |a 26-01 |2 MR | ||
| 010 | |a 96077785 | ||
| 040 | |a CU |c CU |d DLC | ||
| 856 | 4 | 2 | |3 Publisher description |u http://www.loc.gov/catdir/description/cam028/96077785.html |
| 856 | 4 | 1 | |3 Table of contents |u http://www.loc.gov/catdir/toc/cam027/96077785.html |
| 859 | |h 26 |i B662-4 |p A-7896 |b BIB. MATEMATICA | ||
